| Tag |
First Indicator |
Second Indicator |
Subfields |
| LEADER |
00000cam a2200000 a 4500 |
| 001 |
in00001403902 |
| 005 |
20151020054239.0 |
| 008 |
880713s1989 vauaf b 001 0 eng |
| 010 |
|
|
|a 88022288
|
| 020 |
|
|
|a 0944426107
|
| 035 |
|
|
|a (OCoLC)18289867
|
| 035 |
|
|
|9 AHN0869AM
|
| 040 |
|
|
|a DLC
|c DLC
|d TXA
|d UtOrBLW
|
| 049 |
|
|
|a TXAM
|
| 050 |
0 |
0 |
|a TR693
|b .H33 1989
|
| 082 |
0 |
0 |
|a 526.9/82
|2 19
|
| 245 |
0 |
0 |
|a Non-topographic photogrammetry /
|c editor-in-chief, H.M. Karara ; contributors, L.P. Adams [and others].
|
| 250 |
|
|
|a 2nd ed.
|
| 264 |
|
1 |
|a Falls Church, Va. :
|b American Society for Photogrammetry and Remote Sensing,
|c 1989.
|
| 300 |
|
|
|a xxiii, 445 pages 8 unnumbered pages of plates :
|b illustrations (some color) ;
|c 29 cm.
|
| 336 |
|
|
|a text
|b txt
|2 rdacontent
|
| 337 |
|
|
|a unmediated
|b n
|2 rdamedia
|
| 338 |
|
|
|a volume
|b nc
|2 rdacarrier
|
| 490 |
1 |
|
|a Science and engineering series
|
| 500 |
|
|
|a Revised edition of: Handbook of non-topographic photogrammetry. 1979.
|
| 504 |
|
|
|a Includes bibliographical references and index.
|
| 650 |
|
0 |
|a Photogrammetry.
|
| 700 |
1 |
|
|a Karara, H. M.
|
| 700 |
1 |
|
|a Adams, L. P.
|
| 730 |
0 |
|
|a Handbook of non-topographic photogrammetry.
|
| 830 |
|
0 |
|a Science and engineering series.
|
| 999 |
|
|
|a MARS
|
| 999 |
f |
f |
|s 21f393e7-781b-3ad2-9121-37801b8ae2de
|i 1c6489f7-44ca-3ef8-af68-7bfb8191ec1d
|t 0
|
| 952 |
f |
f |
|p ric
|a Texas A&M University
|b Rellis Campus
|c Joint Library Facility
|d Remote Storage
|t 0
|e TR693 .H33 1989
|h Library of Congress classification
|i unmediated -- volume
|m A14822094585
|
| 998 |
f |
f |
|a TR693 .H33 1989
|t 0
|l Remote Storage
|